00757cam a2200241 i 45000010009000000050017000090080041000260100017000670200025000840200028001090400028001370420008001650500023001730820008001961000024002042450076002282500017003042600045003213000047003665040051004136500030004646500021004941771204220140929145816.0130425s2014 caua b 001 0 eng  a 2013013952 a9781452205083 (pbk.) a9781483301839 (web pdf) aDLCbengcDLCerdadDLC apcc00aHV 11b.St835 201400a3611 aStringer, Ernest T.10aAction research /cErnest T. Stringer, Curtin University of Technology. a4th edition. aLondon :bSAGE Publication Ltd.,cc2014. axxii, 305 pages :billustrations ;c23 cm. aIncludes bibliographical references and index. 0aHuman servicesxResearch. 0aAction research.